Rob Goes A-Hunting

Bibliographic Details
Main Author: Turnbull, Ann
Format: Book
Language:English
Published: London : ABC , 1990
Subjects:

MARC

LEADER 00000cam a2200000 7i4500
001 0000032276
005 20120404.0
008 120404 eng
020 |a 1854060570 
090 0 0 |a J 823.914 TUR 
100 1 |a Turnbull, Ann 
245 1 0 |a Rob Goes A-Hunting   |c Ann Turnbull 
260 |a London :   |b ABC ,   |c 1990 
300 |a 26p, :   |b col.ill, ;   |c 22cm. 
650 0 0 |a Short Stories 
999 |a 0000122825   |b Buku   |c Koleksi Pinjaman Kanak-Kanak   |e Perpustakaan Cawangan Masjid Tanah 
999 |a 75594   |b Buku   |c Koleksi Pinjaman Kanak-Kanak   |e Perbadanan Perpustakaan Awam Melaka